Investments: an introduction to analysis and management
Saved in:
| Hovedforfatter: | |
|---|---|
| Format: | Bog |
| Sprog: | engelsk |
| Udgivet: |
Englewood Cliffs
Prentice-Hall
1970
|
| Udgivelse: | 2a. ed |
| Fag: | |
| Tags: |
Tilføj Tag
Ingen Tags, Vær først til at tagge denne postø!
|
MARC
| LEADER | 00000nam a2200000 a 4500 | ||
|---|---|---|---|
| 001 | UCQ0698 | ||
| 003 | CL-VaPUC | ||
| 008 | 980703e19700000us |||||||||||||||||eng|d | ||
| 082 | 0 | 4 | |a 658.152 |b AML |2 21 |
| 100 | 0 | |a Amling, Frederick |e author |9 413994 | |
| 245 | 1 | 0 | |a Investments: an introduction to analysis and management |
| 250 | |a 2a. ed | ||
| 300 | |a 768 p | ||
| 942 | |c BK | ||
| 945 | |d 19980703 00:00:00 |a cmena | ||
| 260 | |a Englewood Cliffs |b Prentice-Hall |c 1970 | ||
| 650 | 0 | |a Administración financiera |9 261146 | |
| 650 | 0 | |a Inversiones |9 345867 | |
| 650 | 0 | |a Control presupuestario |9 345693 | |
| 650 | 0 | |a Análisis de mercado |9 260838 | |
| 650 | 7 | |a PORTFOLIO |2 CL-VaPUC |9 413995 | |
| 650 | 0 | |a Administración de empresas |9 260833 | |
| 650 | 0 | |a Desarrollo económico y social |9 256320 | |
| 650 | 0 | |a Toma de decisiones |9 257530 | |
| 583 | |a last modification |c 20150428 03:48:00 |k Rodrigo Vera | ||
| 999 | |c 271735 |d 271733 | ||
| 952 | |0 0 |1 0 |4 0 |6 658_152000000000000_AML_1970 |7 0 |8 P |9 306482 |a BIBGIM |b BIBGIM |d 2019-11-20 |i 1430343 |o 658.152 AML 1970 |p 1430343 |r 2025-01-15 |w 2019-11-20 |y BK |k COM | ||